Medien, Magier, Mächte : (Запис № 524357)

МАРК-запис
000 -LEADER
fixed length control field 01308cam a2200313M 4500
001 - CONTROL NUMBER
control field medienmagiermc00ruth
003 - CONTROL NUMBER IDENTIFIER
control field CaSfIA
005 - DATE AND TIME OF LATEST TRANSACTION
control field 20210118184829.0
007 - PHYSICAL DESCRIPTION FIXED FIELD--GENERAL INFORMATION
fixed length control field cr||||
008 - FIXED-LENGTH DATA ELEMENTS--GENERAL INFORMATION
fixed length control field 890309s1988 gw 000 0 ger d
040 ## - CATALOGING SOURCE
Original cataloging agency NLGGC
Description conventions fobidrtb
Language of cataloging dut
Transcribing agency NLGGC
Modifying agency CaSfIA
020 ## - INTERNATIONAL STANDARD BOOK NUMBER
International Standard Book Number 3870673354
020 ## - INTERNATIONAL STANDARD BOOK NUMBER
International Standard Book Number 9783870673352
035 ## - SYSTEM CONTROL NUMBER
System control number (OCoLC)64779262
080 ## - UNIVERSAL DECIMAL CLASSIFICATION NUMBER
Universal Decimal Classification number 12
080 ## - UNIVERSAL DECIMAL CLASSIFICATION NUMBER
Universal Decimal Classification number 10
029 0# - (OCLC)
OCLC library identifier NLGGC
System control number 051861631
100 1# - MAIN ENTRY--PERSONAL NAME
Personal name Ruthe, Reinhold,
Dates associated with a name 1927-
245 10 - TITLE STATEMENT
Title Medien, Magier, Mächte :
Medium [electronic resource]
Remainder of title Aberglaube und Okkultismus im Zeitalter des Wassermanns /
Statement of responsibility, etc Reinhold Ruthe.
260 ## - PUBLICATION, DISTRIBUTION, ETC. (IMPRINT)
Place of publication, distribution, etc Moers :
Name of publisher, distributor, etc Brendow,
Date of publication, distribution, etc 1988.
300 ## - PHYSICAL DESCRIPTION
Extent 173 p. ;
Dimensions 21 cm.
490 0# - SERIES STATEMENT
Series statement Reihe Apostroph
440 #0 - SERIES STATEMENT/ADDED ENTRY--TITLE
Title Reihe Apostroph
506 ## - RESTRICTIONS ON ACCESS NOTE
Standardized terminology for access restriction Необхідна авторизація на https://archive.org/ (створення облікового запису безкоштовно)
506 ## - RESTRICTIONS ON ACCESS NOTE
Standardized terminology for access restriction Необхідна авторизація на https://openlibrary.org/ (створення облікового запису безкоштовно)
856 41 - ELECTRONIC LOCATION AND ACCESS
Uniform Resource Identifier <a href="http://www.archive.org/details/medienmagiermc00ruth">http://www.archive.org/details/medienmagiermc00ruth</a>
Public note Free eBook from the Internet Archive
856 42 - ELECTRONIC LOCATION AND ACCESS
Uniform Resource Identifier <a href="http://www.openlibrary.org/books/OL24213766M">http://www.openlibrary.org/books/OL24213766M</a>
Public note Additional information and access via Open Library
942 ## - ADDED ENTRY ELEMENTS (KOHA)
Koha item type ЕКнига

Немає доступних примірників.